000 00565nam a2200229Ia 4500
003 OSt
005 20221005122656.0
006 a|||||r|||| 00| 0
007 ta
008 221004b |||||||| |||| 00| 0 kan d
024 _a61177
037 _cTextual
040 _aCRL
_cCRL
_bkan
041 _2kan
_akan
082 _aO33,6:g, L7
100 _aBasavaradhya Au.
_9632419
245 0 _aKannada gadyavalokam
260 _c1977
650 _aKANNAD PROSE
942 _hO33,6:g, L7
_cTEXL
_2cc
999 _c1045048
_d1045048